000 00517nam a2200169 i 4500
001 149268
003 ES-MaACL
005 20250911063555.0
007 t|
008 071019s1919 sp |||| | spa d
100 1 _aVelasco Zazo, Antonio,
_d1884-1969
_9113782
245 1 0 _aAnales y rutinas de Madrid
_b: (artículos de otro tiempo) /
_cAntonio Velasco Zazo.
260 _aMadrid :
_b[s.n.],
_c1919 (
_fJ. Palacios)
300 _a167 p. ;
_c19 cm.
852 _aES-MaACL
_jG-468
999 _c149268
_d149268